[Event "Quebec Montcalm 3 2007-08"]
[Site "Quebec"]
[Date "2007.11.30"]
[Round "3"]
[White "Chiffot, Nicolas"]
[Black "Laferriere, Mathieu"]
[Result "1-0"]
[WhiteElo "1891"]
[BlackElo "1549"]
[PlyCount "69"]
[EventDate "2007.11.15"]
[EventType "swiss"]
[EventRounds "5"]
[EventCountry "CAN"]
[SourceTitle "EXT 2022"]
[Source "ChessBase"]
[SourceDate "2021.10.06"]
[SourceVersion "1"]
[SourceVersionDate "2021.10.06"]
[SourceQuality "1"]

1. d4 Nf6 2. c4 g6 3. Nc3 Bg7 4. Nf3 0-0 5. g3 d6 6. Bg2 Na6 7. 0-0 c5 8. d5 Nc7 9. Nd2 Bg4 10. h3 Bd7 11. e4 Nh5 12. Kh2 Bh8 13. f4 Ng7 14. Nf3 b5 15. b3 Nf5 16. Bd2 Bxc3 17. Bxc3 Ne3 18. Qe2 Nxf1+ 19. Rxf1 f5 20. e5 a5 21. Ba1 Be8 22. Qb2 dxe5 23. Nxe5 Rf6 24. g4 fxg4 25. hxg4 h6 26. g5 hxg5 27. fxg5 Qd6 28. Kh1 Rxf1+ 29. Bxf1 Ne6 30. dxe6 Qd1 31. Nxg6 Qh5+ 32. Kg1 Qxg5+ 33. Bg2 Qe3+ 34. Kf1 Qd3+ 35. Kf2 1-0